000 00216 a2200097 4500
020 _a9789357328845
100 _aPaulo Coelho
245 _aMaktub(മക്‌തൂബ്)
260 _bD C books
_c2024
942 _cOO
999 _c115305
_d115304